000 00386nam a2200145Ia 4500
005 20250313161728.0
008 231217s9999 xx 000 0 und d
020 _a9788184042160
082 _a001.6424JAV NAF;1 R
100 _aNaftalin, Maurice Wadler, Philip
245 0 _aJava generics and collections
260 _c2007
_bShroff
_aMumbai
300 _axvii+273+13
942 _cAA
999 _c179954
_d179954